| 000 | 00356nam a22001337a 4500 | ||
|---|---|---|---|
| 008 | 180920b xxu||||| |||| 00| 0 eng d | ||
| 020 | _a9781579472627 | ||
| 041 | _aeng | ||
| 080 | _a610 | ||
| 100 | _a3 | ||
| 101 | _aSHM | ||
| 245 |
_aCounseling The Alzheimers Caregiver A resource For Helath Care Profesionals _cMittelman .M.S |
||
| 942 |
_2udc _cBK |
||
| 999 |
_c48100 _d48100 |
||